Le nucléaire dans le monde - Statistiques

Statistiques générales
  • Ce quiz a été pris 116 fois
    76 depuis la dernière actualisation
  • Le résultat moyen est 8 sur 9
Statistiques - réponses
Pays Nombre d’ogives % Correct
États-Unis 5428
100%
France 290
100%
Russie 5977
99%
Chine 350
97%
Corée du Nord 25
93%
Royaume-Uni 225
93%
Inde 160
80%
Israël 90
80%
Pakistan 165
76%
Aucun quiz correspondant
Distribution des résultats
% des personnes avec chaque résultat
Percentile par nombre de réponses
Votre historique - résultats
Vous n’avez pas pris ce quiz depuis la dernière actualisation